[Event "FIDE Olympiad Disabilties 2020"]
[Site "Online"]
[Date "2020.11.21"]
[Round "3.3"]
[White "Sahin, Handenur"]
[Black "Babarykin, Stanislav"]
[Result "0-1"]
[WhiteElo "1997"]
[BlackElo "2387"]
[Annotator "TA"]
[PlyCount "86"]
[EventDate "2020.11.21"]
[EventType "team-tourn"]
[EventCountry "NET"]
[SourceTitle "playchess.com"]
[Source "ChessBase"]
[SourceQuality "1"]
[WhiteTeam "Turkey"]
[BlackTeam "Russia"]
[WhiteTeamCountry "TUR"]
[BlackTeamCountry "RUS"]

1. e4 e5 2. Nf3 Nc6 3. Bb5 a6 4. Ba4 Nf6 5. d3 d6 6. c3 g6 7. O-O Bg7 8. Nbd2 O-O 9. Re1 Re8 10. Nf1 h6 11. Ng3 b5 12. Bc2 a5 13. h3 b4 14. Ba4 Bd7 15. d4 bxc3 16. bxc3 exd4 17. cxd4 Rb8 18. Bb3 Nb4 19. Be3 Nxe4 20. Nxe4 Rxe4 21. Qd2 g5 22. a3 Nc6 23. Bd5 Re8 24. Rac1 Ne7 25. Ba2 c6 26. g4 Nd5 27. Bxd5 cxd5 28. Qa2 Be6 29. Rc3 Qd7 30. Nh2 Rec8 31. Rec1 Rc4 32. Qd2 Qa4 33. Nf3 Rb3 34. Rxc4 dxc4 35. d5 Rd3 36. Qe2 Bxd5 37. Rb1 Rxa3 38. Rb8+ Kh7 39. Nd4 Ra1+ 40. Kh2 Be5+ 41. f4 gxf4 42. Nf3 Bxf3 43. Qxf3 fxe3+ 0-1

[Event "FIDE Olympiad Disabilties 2020"]
[Site "Online"]
[Date "2020.11.21"]
[Round "3.3"]
[White "Sahin, Huseyin"]
[Black "Suslov, Evgeniy"]
[Result "0-1"]
[WhiteElo "1788"]
[BlackElo "2236"]
[Annotator "TA"]
[PlyCount "76"]
[EventDate "2020.11.21"]
[EventType "team-tourn"]
[EventCountry "NET"]
[SourceTitle "playchess.com"]
[Source "ChessBase"]
[SourceQuality "1"]
[WhiteTeam "Turkey"]
[BlackTeam "Russia"]
[WhiteTeamCountry "TUR"]
[BlackTeamCountry "RUS"]

1. d4 d6 2. e4 Nf6 3. Nc3 Nc6 4. Nf3 e5 5. dxe5 Nxe5 6. Nxe5 dxe5 7. Qxd8+ Kxd8 8. Bc4 Bb4 9. Bg5 Ke7 10. O-O-O Bxc3 11. bxc3 Be6 12. Bb3 h6 13. Bxf6+ gxf6 14. f3 Rhd8 15. Rd3 Rd6 16. Rhd1 Rad8 17. Kb2 f5 18. exf5 Bxf5 19. Rxd6 Rxd6 20. Rxd6 cxd6 21. Bd5 b6 22. c4 Be6 23. Kc3 Bxd5 24. cxd5 Kf6 25. Kd3 Kg5 26. Ke3 b5 27. g3 h5 28. h4+ Kf5 29. c3 f6 30. a3 a6 31. Kd3 e4+ 32. Ke3 exf3 33. Kxf3 a5 34. g4+ hxg4+ 35. Kg3 a4 36. Kf2 Kg6 37. Kg2 f5 38. Kg3 Kh5 0-1

[Event "FIDE Olympiad Disabilties 2020"]
[Site "Online"]
[Date "2020.11.21"]
[Round "3.3"]
[White "Kaydanovich, Marina"]
[Black "Demirel, Huseyin"]
[Result "1-0"]
[WhiteElo "1734"]
[BlackElo "1451"]
[Annotator "NA"]
[PlyCount "83"]
[EventDate "2020.11.21"]
[EventType "team-tourn"]
[EventCountry "NET"]
[SourceTitle "playchess.com"]
[Source "ChessBase"]
[SourceQuality "1"]
[WhiteTeam "Russia"]
[BlackTeam "Turkey"]
[WhiteTeamCountry "RUS"]
[BlackTeamCountry "TUR"]

1. d4 d5 2. c4 e5 3. dxe5 d4 4. e4 Nc6 5. Nf3 Nge7 6. Bg5 Bg4 7. Qa4 Qd7 8. Nbd2 O-O-O 9. Bd3 Kb8 10. O-O h6 11. Bh4 g5 12. Bg3 Ng6 13. a3 Re8 14. b4 Ncxe5 15. Qxd7 Nxd7 16. h3 Be6 17. Rac1 Bg7 18. c5 Nde5 19. Bb5 Rd8 20. Nxe5 Nxe5 21. Rfd1 Kc8 22. c6 b6 23. a4 Rd6 24. a5 Kd8 25. Ra1 Ke7 26. axb6 axb6 27. Ra7 Kd8 28. Rc1 f5 29. exf5 Bxf5 30. Nc4 Nxc4 31. Rxc4 Rd5 32. Bxc7+ Ke7 33. Be5+ Ke6 34. Bxg7 Rg8 35. Rxd4 Rxb5 36. g4 Bg6 37. Rad7 Rxg7 38. Rxg7 Bf7 39. c7 Kf6 40. Rxf7+ Kxf7 41. c8=Q Re5 42. Qc7+ 1-0

[Event "FIDE Olympiad Disabilties 2020"]
[Site "Online"]
[Date "2020.11.21"]
[Round "3.4"]
[White "Becker, Michael"]
[Black "Szalko, Maciej"]
[Result "1-0"]
[WhiteElo "2267"]
[BlackElo "1946"]
[Annotator "TA"]
[PlyCount "97"]
[EventDate "2020.11.21"]
[EventType "team-tourn"]
[EventCountry "NET"]
[SourceTitle "playchess.com"]
[Source "ChessBase"]
[SourceQuality "1"]
[WhiteTeam "Germany"]
[BlackTeam "Poland"]
[WhiteTeamCountry "GER"]
[BlackTeamCountry "POL"]

1. e4 c5 2. Nf3 e6 3. d3 d6 4. g3 Nf6 5. Bg2 Be7 6. O-O Nc6 7. c3 Qc7 8. a3 Bd7 9. b4 Rd8 10. Re1 a5 11. b5 Ne5 12. a4 O-O 13. Na3 Ng6 14. d4 Rfe8 15. Bb2 e5 16. Rc1 Bg4 17. h3 Bc8 18. Nc4 Be6 19. d5 Bd7 20. b6 Qc8 21. Kh2 Rf8 22. Ra1 Qa8 23. Bc1 Kh8 24. Qd3 Rde8 25. Nfd2 Qa6 26. Rf1 Bd8 27. f4 exf4 28. gxf4 Bxb6 29. f5 Ne5 30. Nxe5 dxe5 31. Qxa6 bxa6 32. Nc4 Bc7 33. Be3 Rb8 34. Bxc5 Rfc8 35. Nd6 Bxd6 36. Bxd6 Rb2 37. Rfe1 Re8 38. c4 Nh5 39. c5 Nf4 40. Rg1 f6 41. c6 Bc8 42. Ba3 Re2 43. d6 Rd8 44. d7 Bxd7 45. Rad1 g6 46. cxd7 gxf5 47. Be7 Rxd7 48. Bxf6+ Kg8 49. Rxd7 1-0

[Event "FIDE Olympiad Disabilties 2020"]
[Site "Online"]
[Date "2020.11.21"]
[Round "3.4"]
[White "Piekielny, Pawel"]
[Black "Braun, Georg"]
[Result "1/2-1/2"]
[WhiteElo "2098"]
[BlackElo "2375"]
[Annotator "TA"]
[PlyCount "103"]
[EventDate "2020.11.21"]
[EventType "team-tourn"]
[EventCountry "NET"]
[SourceTitle "playchess.com"]
[Source "ChessBase"]
[SourceQuality "1"]
[WhiteTeam "Poland"]
[BlackTeam "Germany"]
[WhiteTeamCountry "POL"]
[BlackTeamCountry "GER"]

1. e4 c5 2. Nf3 d6 3. d4 cxd4 4. Nxd4 Nf6 5. Nc3 a6 6. Bg5 Nbd7 7. a4 e6 8. Be2 Be7 9. a5 O-O 10. O-O Qc7 11. Nb3 b5 12. axb6 Nxb6 13. Qd4 e5 14. Qd2 h6 15. Bxf6 Bxf6 16. Rfd1 Be7 17. Na5 Be6 18. Nd5 Nxd5 19. exd5 Bd7 20. Ra3 Rfc8 21. c3 f5 22. Bc4 Kh8 23. Qe2 Qb6 24. Rda1 e4 25. Rb3 Qc5 26. Rb7 Rd8 27. b4 Qc8 28. Ra3 Bf6 29. Bxa6 f4 30. Ra7 Qb8 31. Rb7 Qc8 32. Ra7 Qb8 33. Rxa8 Qxa8 34. Bb7 Qa7 35. Qa6 Qb8 36. Nc6 Qc7 37. Nxd8 Bxd8 38. Bc6 e3 39. fxe3 fxe3 40. Bxd7 Qxd7 41. Qd3 Qe8 42. Ra2 Bb6 43. Re2 Qe5 44. g3 h5 45. c4 h4 46. Kg2 Qh5 47. gxh4 Qg4+ 48. Kf1 Qf3+ 49. Kg1 Qg4+ 50. Kf1 Qf3+ 51. Kg1 Qg4+ 52. Kf1 1/2-1/2

[Event "FIDE Olympiad Disabilties 2020"]
[Site "Online"]
[Date "2020.11.21"]
[Round "3.4"]
[White "Kasperczyk, Szymon"]
[Black "Dorner, Matthias"]
[Result "0-1"]
[WhiteElo "1790"]
[BlackElo "2172"]
[Annotator "TA"]
[PlyCount "116"]
[EventDate "2020.11.21"]
[EventType "team-tourn"]
[EventCountry "NET"]
[SourceTitle "playchess.com"]
[Source "ChessBase"]
[SourceQuality "1"]
[WhiteTeam "Poland"]
[BlackTeam "Germany"]
[WhiteTeamCountry "POL"]
[BlackTeamCountry "GER"]

1. d4 c6 2. c4 d5 3. Nc3 Nf6 4. cxd5 cxd5 5. Nf3 Nc6 6. Bg5 Qb6 7. Qb3 Qxb3 8. axb3 e6 9. e3 Bd7 10. Be2 Bb4 11. O-O Ne4 12. Rfc1 Nxg5 13. Nxg5 h6 14. Nf3 Ke7 15. Nd2 Rhc8 16. Rc2 Bd6 17. Nb5 Bb8 18. f4 a6 19. Kf2 f6 20. h3 e5 21. fxe5 fxe5 22. Nf3 e4 23. Nh2 Bxh2 24. Nc3 Nb4 25. Rd2 Bd6 26. Kg1 b5 27. Rf1 Rf8 28. Ra1 Bg3 29. Bh5 Rf6 30. Rf1 Rxf1+ 31. Kxf1 Rf8+ 32. Kg1 Kd6 33. Nd1 Rc8 34. Nc3 Nd3 35. Nd1 Rc1 36. Kf1 b4 37. Be2 Bb5 38. Kg1 Be1 39. Rxd3 Bxd3 40. Bh5 Bg3 41. h4 Bc2 42. Kf1 Bxd1 43. Bxd1 Rxd1+ 44. Ke2 Re1+ 45. Kd2 Rg1 46. h5 Rxg2+ 47. Kd1 Rxb2 48. Kc1 Rxb3 49. Kd2 Rd3+ 50. Ke2 b3 51. Kf1 b2 52. Ke2 Bh4 53. Kf1 b1=Q+ 54. Kg2 Qc2+ 55. Kh3 Rxe3+ 56. Kxh4 Ke6 57. Kg4 Qg2+ 58. Kh4 Rh3# 0-1

[Event "FIDE Olympiad Disabilties 2020"]
[Site "Online"]
[Date "2020.11.21"]
[Round "3.4"]
[White "Mekus, Manuela"]
[Black "Szewczyk, Malwina"]
[Result "0-1"]
[WhiteElo "1644"]
[BlackElo "1418"]
[Annotator "NA"]
[PlyCount "162"]
[EventDate "2020.11.21"]
[EventType "team-tourn"]
[EventCountry "NET"]
[SourceTitle "playchess.com"]
[Source "ChessBase"]
[SourceQuality "1"]
[WhiteTeam "Germany"]
[BlackTeam "Poland"]
[WhiteTeamCountry "GER"]
[BlackTeamCountry "POL"]

1. e4 c5 2. Nf3 Nc6 3. d3 g6 4. g3 Bg7 5. Bg2 e6 6. O-O Nge7 7. c3 d5 8. Re1 O-O 9. Nbd2 f5 10. exf5 Nxf5 11. Nf1 e5 12. Ne3 Re8 13. Nxf5 Bxf5 14. Nh4 Be6 15. Qc2 Rc8 16. Nf3 h6 17. a3 Qf6 18. Qe2 Rcd8 19. Qc2 c4 20. dxc4 dxc4 21. Be3 Bf5 22. Qa4 Bd3 23. Rad1 Rd5 24. b4 b5 25. Qa6 Red8 26. Nd2 R5d6 27. Bxc6 Rxc6 28. Qxb5 a6 29. Qa5 Rb8 30. Qa4 h5 31. Rc1 Re6 32. Qd1 Rf8 33. Bc5 Rf7 34. Ne4 Bxe4 35. Rxe4 Bf8 36. Be3 Rd6 37. Qe2 Rfd7 38. Rxc4 Qe6 39. Rc8 Rh7 40. Qc4 Rd5 41. Rc6 Bd6 42. Qxa6 Rd7 43. Qc8+ Kf7 44. Qh8 Qg4 45. Qh7+ Ke6 46. Qg8+ Rf7 47. Qe8+ Re7 48. Qc8+ Rd7 49. Qg8+ Rf7 50. Bc5 Rd1+ 51. Rxd1 Qxd1+ 52. Kg2 Qf3+ 53. Kf1 Qxc6 54. Qxg6+ Ke7 55. Qg5+ Kd7 56. Bxd6 Qxd6 57. Qxh5 Qd5 58. Qg4+ Kc7 59. Ke2 Qb3 60. Qg6 Qa2+ 61. Kd1 Qa1+ 62. Kc2 Rxf2+ 63. Kb3 Qd1+ 64. Kc4 Qe2+ 65. Kb3 Qd1+ 66. Kc4 Qf1+ 67. Kb3 Rf7 68. Qe4 Kd6 69. Qg6+ Rf6 70. Qe4 Qd1+ 71. Kc4 Qf1+ 72. Kb3 Qf5 73. Qb7 Qe6+ 74. Ka4 Qd7+ 75. Qxd7+ Kxd7 76. b5 e4 77. Kb4 e3 78. c4 e2 79. c5 e1=Q+ 80. Kc4 Qe4+ 81. Kb3 Rf3+ 0-1

[Event "FIDE Olympiad Disabilties 2020"]
[Site "Online"]
[Date "2020.11.21"]
[Round "3.5"]
[White "Nestorovic, Vladimir"]
[Black "Anfinogenov, Artem"]
[Result "0-1"]
[WhiteElo "2203"]
[BlackElo "2061"]
[Annotator "TA"]
[PlyCount "70"]
[EventDate "2020.11.21"]
[EventType "team-tourn"]
[EventCountry "NET"]
[SourceTitle "playchess.com"]
[Source "ChessBase"]
[SourceQuality "1"]
[WhiteTeam "Croatia"]
[BlackTeam "Russia"]
[WhiteTeamCountry "CRO"]
[BlackTeamCountry "RUS"]

1. c4 e5 2. Nc3 Nf6 3. d3 d5 4. cxd5 Nxd5 5. e4 Nf6 6. Nf3 Nc6 7. Be2 Be7 8. O-O O-O 9. a3 h6 10. b4 a6 11. Bb2 Bg4 12. Rc1 Bxf3 13. Bxf3 Nd4 14. g3 Qd7 15. Bg2 a5 16. bxa5 Rxa5 17. a4 c6 18. f4 Ng4 19. Bh3 f5 20. exf5 Ne3 21. Qh5 exf4 22. Rxf4 Bg5 23. f6 Bxf4 24. Bxd7 Rxh5 25. gxf4 gxf6 26. h3 Kf7 27. Kf2 Nef5 28. Ne4 Rd8 29. Bxf5 Nxf5 30. Bxf6 Rxd3 31. Be5 Rhxh3 32. Rb1 Rh2+ 33. Kg1 Re2 34. Nf2 Rdd2 35. Nh3 Rg2+ 0-1

[Event "FIDE Olympiad Disabilties 2020"]
[Site "Online"]
[Date "2020.11.21"]
[Round "3.5"]
[White "Lipilin, Ilia"]
[Black "Bozinovic, Bogdan"]
[Result "0-1"]
[WhiteElo "2189"]
[BlackElo "2151"]
[Annotator "TA"]
[PlyCount "132"]
[EventDate "2020.11.21"]
[EventType "team-tourn"]
[EventCountry "NET"]
[SourceTitle "playchess.com"]
[Source "ChessBase"]
[SourceQuality "1"]
[WhiteTeam "Russia"]
[BlackTeam "Croatia"]
[WhiteTeamCountry "RUS"]
[BlackTeamCountry "CRO"]

1. d4 Nf6 2. c4 c5 3. d5 e6 4. Nc3 exd5 5. cxd5 d6 6. e4 g6 7. Bd3 Bg7 8. h3 O-O 9. Nf3 b5 10. Bxb5 Nxe4 11. Nxe4 Qa5+ 12. Nfd2 Qxb5 13. Nxd6 Qa6 14. N2c4 Nd7 15. O-O Ne5 16. Nxe5 Bxe5 17. Nxc8 Raxc8 18. Re1 Rfe8 19. g3 Bd4 20. Bf4 Bxb2 21. Rb1 Bc3 22. Rxe8+ Rxe8 23. d6 Bd4 24. Qf3 Qxa2 25. Rf1 Qe6 26. Qc6 Rd8 27. h4 Kg7 28. Qa6 Rd7 29. Rb1 h6 30. Qc6 g5 31. hxg5 hxg5 32. Bxg5 Rxd6 33. Qf3 Qg6 34. Rb7 a5 35. Be7 Re6 36. Ra7 Re1+ 37. Kg2 Qe4 38. Bd8 Rg1+ 39. Kxg1 Qxf3 40. Kh2 Qxf2+ 41. Kh3 Qf1+ 42. Kh4 Bf6+ 43. Bxf6+ Qxf6+ 44. Kh3 Qb6 45. Ra8 c4 46. g4 Qc7 47. g5 c3 48. g6 Kxg6 49. Kg4 Qc4+ 50. Kf3 Qc6+ 51. Kf4 Qxa8 52. Ke5 Qd8 53. Ke4 c2 54. Ke5 c1=R 55. Ke4 a4 56. Ke5 a3 57. Ke4 a2 58. Ke5 a1=R 59. Ke4 Rd1 60. Ke5 Qd6+ 61. Ke4 Ra4+ 62. Ke3 Qd4+ 63. Ke2 Ra2+ 64. Kf3 Rf1+ 65. Kg3 Qf4+ 66. Kh3 Rh2# 0-1

[Event "FIDE Olympiad Disabilties 2020"]
[Site "Online"]
[Date "2020.11.21"]
[Round "3.5"]
[White "Glazar, Domagoj"]
[Black "Tsapalin, Sergey"]
[Result "1/2-1/2"]
[WhiteElo "2137"]
[BlackElo "1943"]
[Annotator "TA"]
[PlyCount "167"]
[EventDate "2020.11.21"]
[EventType "team-tourn"]
[EventCountry "NET"]
[SourceTitle "playchess.com"]
[Source "ChessBase"]
[SourceQuality "1"]
[WhiteTeam "Croatia"]
[BlackTeam "Russia"]
[WhiteTeamCountry "CRO"]
[BlackTeamCountry "RUS"]

1. Nf3 Nf6 2. b3 d5 3. Bb2 e6 4. e3 c5 5. d4 Nc6 6. Be2 Be7 7. O-O O-O 8. c4 cxd4 9. Nxd4 Bd7 10. Nd2 Rc8 11. Rc1 Bd6 12. Nb5 Bb8 13. Ba3 a6 14. Nd6 Bxd6 15. Bxd6 Re8 16. Bf3 Ne7 17. cxd5 exd5 18. Be5 Qb6 19. Be2 Qe6 20. Nf3 Rxc1 21. Qxc1 Nc6 22. Ba1 Ne4 23. Rd1 Kh8 24. Qb2 f6 25. Nd4 Nxd4 26. Qxd4 Bc6 27. Rc1 Qf5 28. f3 Nd6 29. Bd3 Qg5 30. f4 Qg4 31. f5 Ne4 32. Rf1 Qh5 33. b4 Qf7 34. Rc1 Qd7 35. Rf1 Bb5 36. Bxb5 Qxb5 37. Rd1 Qe2 38. Rf1 Nd2 39. Rc1 Nc4 40. Qd1 Qxe3+ 41. Kh1 Qe4 42. Qf1 h6 43. Bc3 Qe2 44. Qxe2 Rxe2 45. Rd1 Ne3 46. Rd3 Nc4 47. h3 Rxa2 48. Rxd5 Rc2 49. Rd3 Rf2 50. g4 b5 51. Bd4 Rd2 52. Rxd2 Nxd2 53. Kg2 Kg8 54. Kf2 Kf7 55. Ke3 Nc4+ 56. Ke4 Ke7 57. Kd5 Kf7 58. Kc6 g6 59. Bc3 gxf5 60. gxf5 Ne3 61. Kb7 Nxf5 62. Kxa6 Nd6 63. Bd4 Ke6 64. Kb6 f5 65. Kc6 f4 66. Bc5 f3 67. Be3 Nc4 68. Bf2 Na3 69. Bg3 Kf5 70. Kd5 Nc2 71. Kc5 Ke4 72. Kxb5 Nd4+ 73. Kc4 Ke3 74. h4 Nf5 75. Bc7 f2 76. Bb6+ Ke2 77. Bxf2 Kxf2 78. Kd5 Ne7+ 79. Kd6 Nc8+ 80. Kc7 Na7 81. Kb6 Nc8+ 82. Kc7 Ne7 83. Kd6 Nc8+ 84. Kc7 1/2-1/2

[Event "FIDE Olympiad Disabilties 2020"]
[Site "Online"]
[Date "2020.11.21"]
[Round "3.5"]
[White "Nikitskaya, Varvara"]
[Black "Vuljanic, Ana"]
[Result "0-1"]
[WhiteElo "1173"]
[BlackElo "1581"]
[Annotator "NA"]
[PlyCount "98"]
[EventDate "2020.11.21"]
[EventType "team-tourn"]
[EventCountry "NET"]
[SourceTitle "playchess.com"]
[Source "ChessBase"]
[SourceQuality "1"]
[WhiteTeam "Russia"]
[BlackTeam "Croatia"]
[WhiteTeamCountry "RUS"]
[BlackTeamCountry "CRO"]

1. d4 Nf6 2. c4 c5 3. d5 b5 4. cxb5 a6 5. bxa6 g6 6. Nc3 Bxa6 7. Nf3 Bg7 8. g3 d6 9. e4 O-O 10. Be2 Qb6 11. O-O Nbd7 12. Be3 Qxb2 13. Qc1 Qxc1 14. Rfxc1 Bxe2 15. Nxe2 Nxe4 16. Rab1 Rfb8 17. Kf1 Ne5 18. Nxe5 Bxe5 19. f3 Rxb1 20. Rxb1 Nc3 21. Nxc3 Bxc3 22. Rb7 Kf8 23. Rb3 Bb4 24. Rb2 Ke8 25. Bd2 Bxd2 26. Rxd2 Kd7 27. Ke2 Ra3 28. f4 Kc7 29. Rb2 Ra6 30. Kd3 Rb6 31. Re2 Kd7 32. Kc3 Rb4 33. a3 Rb1 34. Ra2 e6 35. dxe6+ fxe6 36. a4 d5 37. a5 Rb8 38. a6 Kc6 39. a7 Ra8 40. Ra6+ Kd7 41. Ra5 Kc6 42. Ra6+ Kb5 43. Rxe6 Rxa7 44. Re5 Ra3+ 45. Kb2 Rf3 46. Rxd5 Rf2+ 47. Kc3 Rxh2 48. Rg5 Rh3 49. Kd3 Kb4 0-1

[Event "FIDE Olympiad Disabilties 2020"]
[Site "Online"]
[Date "2020.11.21"]
[Round "3.6"]
[White "Kishan, Gangolli"]
[Black "Tran, Thi Bich Thuy"]
[Result "1-0"]
[WhiteElo "2128"]
[BlackElo "1422"]
[Annotator "TA"]
[PlyCount "71"]
[EventDate "2020.11.21"]
[EventType "team-tourn"]
[EventCountry "NET"]
[SourceTitle "playchess.com"]
[Source "ChessBase"]
[SourceQuality "1"]
[WhiteTeam "India"]
[BlackTeam "Vietnam"]
[WhiteTeamCountry "IND"]
[BlackTeamCountry "VIE"]

1. d4 Nf6 2. c4 e6 3. Nc3 Bb4 4. e3 b6 5. Bd2 Ba6 6. Nf3 Bxc3 7. Bxc3 d5 8. Qa4+ Qd7 9. Qb3 dxc4 10. Bxc4 Bxc4 11. Qxc4 Qc6 12. Qxc6+ Nxc6 13. Rc1 O-O-O 14. Bd2 Kb7 15. Rxc6 Kxc6 16. Ne5+ Kd5 17. Nxf7 Rhf8 18. Nxd8 Rxd8 19. Ke2 Rd6 20. f3 Rc6 21. Kd3 a5 22. e4+ Kd6 23. e5+ Kd5 24. exf6 gxf6 25. Rc1 Rxc1 26. Bxc1 c6 27. Bh6 b5 28. Bg7 f5 29. g4 a4 30. h4 Kd6 31. Bf6 Kd7 32. g5 Ke8 33. h5 Kf7 34. Be5 Ke7 35. g6 hxg6 36. h6 1-0

[Event "FIDE Olympiad Disabilties 2020"]
[Site "Online"]
[Date "2020.11.21"]
[Round "3.6"]
[White "Aryan B Joshi"]
[Black "Doan, Thu Huyen"]
[Result "1/2-1/2"]
[WhiteElo "1842"]
[BlackElo "1535"]
[Annotator "NA"]
[PlyCount "74"]
[EventDate "2020.11.21"]
[EventType "team-tourn"]
[EventCountry "NET"]
[SourceTitle "playchess.com"]
[Source "ChessBase"]
[SourceQuality "1"]
[WhiteTeam "India"]
[BlackTeam "Vietnam"]
[WhiteTeamCountry "IND"]
[BlackTeamCountry "VIE"]

1. e4 c6 2. d4 d5 3. exd5 cxd5 4. Bd3 Nf6 5. c3 Nc6 6. Bf4 Bg4 7. Qb3 Qc8 8. Nd2 e6 9. Ngf3 Be7 10. O-O O-O 11. Rae1 Bh5 12. Ne5 Nxe5 13. Bxe5 Bg6 14. Bxg6 hxg6 15. Bxf6 Bxf6 16. f4 Qc7 17. g3 a5 18. a4 Qc6 19. Nf3 Rfb8 20. g4 b5 21. axb5 Qxb5 22. Qxb5 Rxb5 23. Rf2 Rab8 24. Ree2 a4 25. g5 Be7 26. Ne5 Bd6 27. Nd3 a3 28. bxa3 Bxa3 29. Rc2 Bd6 30. Ne5 Bxe5 31. fxe5 Kf8 32. Rf1 Rb1 33. Rcf2 Rxf1+ 34. Kxf1 Rb1+ 35. Kg2 Rb3 36. Rc2 Ke7 37. Kf3 Rb1 1/2-1/2

[Event "FIDE Olympiad Disabilties 2020"]
[Site "Online"]
[Date "2020.11.21"]
[Round "3.6"]
[White "Nguyen, Van Quan"]
[Black "Shashikant, Kutwal"]
[Result "1-0"]
[WhiteElo "1783"]
[BlackElo "2182"]
[Annotator "TA"]
[PlyCount "107"]
[EventDate "2020.11.21"]
[EventType "team-tourn"]
[EventCountry "NET"]
[SourceTitle "playchess.com"]
[Source "ChessBase"]
[SourceQuality "1"]
[WhiteTeam "Vietnam"]
[BlackTeam "India"]
[WhiteTeamCountry "VIE"]
[BlackTeamCountry "IND"]

1. d4 Nf6 2. Nf3 g6 3. c4 Bg7 4. Nc3 O-O 5. e4 d6 6. Be2 Na6 7. h3 e5 8. Be3 exd4 9. Nxd4 Re8 10. f3 Nh5 11. O-O f5 12. Re1 Nc5 13. b4 f4 14. Bf2 Ne6 15. Rc1 a5 16. b5 Nc5 17. Nd5 Be5 18. Bf1 Bd7 19. b6 cxb6 20. Rb1 Na4 21. Nb5 Bxb5 22. Rxb5 Nc5 23. Nxb6 Ra6 24. Nd5 Rc6 25. Qd2 a4 26. Reb1 Nf6 27. Nxf4 Kh8 28. Bxc5 dxc5 29. Qxd8 Rxd8 30. Nd5 Bd4+ 31. Kh2 Nh5 32. g4 Be5+ 33. Kg1 Nf4 34. Rxb7 a3 35. R1b3 Rf8 36. Re7 Bd4+ 37. Kh2 Ne6 38. h4 Be5+ 39. Kg1 Nd4 40. Rbb7 Nxf3+ 41. Kf2 Nd2+ 42. Ke2 Nxf1 43. Rxe5 Ng3+ 44. Kd3 Rf3+ 45. Kc2 Rc8 46. Ree7 Ne2 47. Rxh7+ Kg8 48. Rhg7+ Kh8 49. Rh7+ Kg8 50. Rhg7+ Kh8 51. g5 Nd4+ 52. Kd2 Rcf8 53. Rh7+ Kg8 54. Rbg7# 1-0

[Event "FIDE Olympiad Disabilties 2020"]
[Site "Online"]
[Date "2020.11.21"]
[Round "3.7"]
[White "Tuka, Oleg"]
[Black "Paal, Attila"]
[Result "1/2-1/2"]
[WhiteElo "2340"]
[BlackElo "2148"]
[Annotator "TA"]
[PlyCount "81"]
[EventDate "2020.11.21"]
[EventType "team-tourn"]
[EventCountry "NET"]
[SourceTitle "playchess.com"]
[Source "ChessBase"]
[SourceQuality "1"]
[WhiteTeam "Ukraine"]
[BlackTeam "Hungary"]
[WhiteTeamCountry "UKR"]
[BlackTeamCountry "HUN"]

1. c4 Nf6 2. Nc3 e6 3. d4 c5 4. Nf3 a6 5. d5 exd5 6. Nxd5 Nxd5 7. Qxd5 Nc6 8. Bd2 d6 9. e3 Be6 10. Qd3 d5 11. cxd5 Qxd5 12. Qxd5 Bxd5 13. Be2 Be7 14. O-O Bf6 15. Bc3 Bxc3 16. bxc3 O-O 17. c4 Be6 18. Rab1 Na5 19. Rfc1 f6 20. Rb6 Bf7 21. Nd2 Rfd8 22. Ne4 Rac8 23. Bg4 Rc7 24. Nd6 Rc6 25. Nxb7 Rxb6 26. Nxd8 Bxc4 27. h4 Rd6 28. Nb7 Nxb7 29. Rxc4 Rd2 30. Bf3 Nd6 31. Rxc5 Kf8 32. Rc6 a5 33. Ra6 Nc4 34. a4 Ra2 35. Bc6 Ne5 36. Bb5 Ng4 37. Ra8+ Ke7 38. Ra7+ Kf8 39. Ra8+ Ke7 40. Ra7+ Kf8 41. Ra8+ 1/2-1/2

[Event "FIDE Olympiad Disabilties 2020"]
[Site "Online"]
[Date "2020.11.21"]
[Round "3.7"]
[White "Grigorchuk, Sergey"]
[Black "Gaspar, Muriel Aranka"]
[Result "1-0"]
[WhiteElo "2213"]
[BlackElo "1423"]
[Annotator "TA"]
[PlyCount "69"]
[EventDate "2020.11.21"]
[EventType "team-tourn"]
[EventCountry "NET"]
[SourceTitle "playchess.com"]
[Source "ChessBase"]
[SourceQuality "1"]
[WhiteTeam "Ukraine"]
[BlackTeam "Hungary"]
[WhiteTeamCountry "UKR"]
[BlackTeamCountry "HUN"]

1. d4 f5 2. g3 Nf6 3. Bg2 d6 4. Nf3 g6 5. b3 Bg7 6. Bb2 O-O 7. O-O Qe8 8. d5 e6 9. dxe6 Qxe6 10. c4 Nc6 11. Nd4 Qe8 12. Nxc6 bxc6 13. Nc3 Ne4 14. Qc2 Nxc3 15. Bxc3 Bxc3 16. Qxc3 Be6 17. Qa5 Rf7 18. e3 g5 19. Rad1 h6 20. Rfe1 Rg7 21. f4 Rb8 22. Qa6 Qc8 23. Qxc6 h5 24. fxg5 Rxg5 25. Rd4 Rb6 26. Qf3 Bf7 27. e4 a5 28. exf5 Rxf5 29. Rf4 Rxf4 30. Qxf4 Qg4 31. Qe3 Rb8 32. h3 Qg7 33. Kh2 Re8 34. Qf2 Rf8 35. Qd2 1-0

[Event "FIDE Olympiad Disabilties 2020"]
[Site "Online"]
[Date "2020.11.21"]
[Round "3.7"]
[White "Paal, Andras"]
[Black "Zarubinskaya, Irina"]
[Result "1-0"]
[WhiteElo "2060"]
[BlackElo "1747"]
[Annotator "TA"]
[PlyCount "47"]
[EventDate "2020.11.21"]
[EventType "team-tourn"]
[EventCountry "NET"]
[SourceTitle "playchess.com"]
[Source "ChessBase"]
[SourceQuality "1"]
[WhiteTeam "Hungary"]
[BlackTeam "Ukraine"]
[WhiteTeamCountry "HUN"]
[BlackTeamCountry "UKR"]

1. e4 c5 2. Nf3 d6 3. d4 cxd4 4. Nxd4 a6 5. Nc3 Nf6 6. Be2 e6 7. a4 Nbd7 8. Be3 Qc7 9. O-O b6 10. f3 Bb7 11. g4 Ne5 12. g5 Nfd7 13. f4 Nc4 14. Bc1 Be7 15. Bf3 Rc8 16. Nce2 O-O 17. Ng3 Qc5 18. Kh1 b5 19. a5 e5 20. Ndf5 d5 21. b3 dxe4 22. Nxe4 Bxe4 23. Bxe4 Ne3 24. Bxe3 1-0

[Event "FIDE Olympiad Disabilties 2020"]
[Site "Online"]
[Date "2020.11.21"]
[Round "3.7"]
[White "Acs, Gabor"]
[Black "Kolpakov, Vladyslav"]
[Result "0-1"]
[WhiteElo "1977"]
[BlackElo "2223"]
[Annotator "TA"]
[PlyCount "28"]
[EventDate "2020.11.21"]
[EventType "team-tourn"]
[EventCountry "NET"]
[SourceTitle "playchess.com"]
[Source "ChessBase"]
[SourceQuality "1"]
[WhiteTeam "Hungary"]
[BlackTeam "Ukraine"]
[WhiteTeamCountry "HUN"]
[BlackTeamCountry "UKR"]

1. e4 e6 2. d4 d5 3. Nd2 Nc6 4. Ngf3 Nf6 5. e5 Nd7 6. c3 f6 7. exf6 Qxf6 8. Bd3 Bd6 9. Nf1 e5 10. dxe5 Ndxe5 11. Be2 O-O 12. Ne3 d4 13. cxd4 Nxd4 14. Nxd4 Bb4+ 0-1

[Event "FIDE Olympiad Disabilties 2020"]
[Site "Online"]
[Date "2020.11.21"]
[Round "3.8"]
[White "Severino, Sander"]
[Black "Meshkov, Yuri A."]
[Result "1-0"]
[WhiteElo "2364"]
[BlackElo "2351"]
[Annotator "TA"]
[PlyCount "125"]
[EventDate "2020.11.21"]
[EventType "team-tourn"]
[EventCountry "NET"]
[SourceTitle "playchess.com"]
[Source "ChessBase"]
[SourceQuality "1"]
[WhiteTeam "Philippines"]
[BlackTeam "Russia"]
[WhiteTeamCountry "PHI"]
[BlackTeamCountry "RUS"]

1. d4 Nf6 2. c4 e6 3. g3 d5 4. Nf3 Bb4+ 5. Bd2 Be7 6. Bg2 O-O 7. Qc2 b6 8. cxd5 exd5 9. O-O Bb7 10. Bf4 c6 11. Ne5 Nfd7 12. Nf3 Na6 13. Nc3 f5 14. Rac1 Rc8 15. a3 g5 16. Bd2 Nc7 17. Qb3 Kg7 18. Rfd1 Ne6 19. e3 Nf6 20. Ne5 Bd6 21. f4 gxf4 22. gxf4 Qe8 23. Be1 Kh8 24. Qc2 Bxe5 25. dxe5 Ng4 26. Qe2 d4 27. Rxd4 Nxd4 28. exd4 Rd8 29. Rd1 Qe7 30. h3 Nh6 31. Qh5 Ng8 32. Bh4 Qe8 33. Qe2 Rd7 34. Kh2 Rg7 35. Bf3 h6 36. b4 Qe6 37. b5 Qb3 38. bxc6 Bxc6 39. Bxc6 Qxc3 40. Bf3 Qxa3 41. d5 Qb4 42. Qd2 Qa4 43. Rc1 Qa3 44. Bg2 Ne7 45. Bf6 Ng6 46. Rc7 Rxf6 47. Rxg7 Kxg7 48. exf6+ Kxf6 49. d6 Nf8 50. Qd4+ Kg6 51. d7 Nxd7 52. Qxd7 Qa5 53. Qe6+ Kg7 54. h4 h5 55. Qe7+ Kg8 56. Qg5+ Kf8 57. Qxh5 Qc5 58. Qh8+ Ke7 59. Qg7+ Ke6 60. Qg6+ Ke7 61. h5 Qf2 62. Qg5+ Ke6 63. h6 1-0